000 01178nam1a22003011 4500
001 RU\NLR\A1SV\111786
005 20251203171251.9
035 _a(NLR Aleph) 009793139
090 _a10145244
_c10145244
100 _a20111021d1922 u y0rusy50 ca
101 0 _arus
102 _aRU
200 1 _aШмели Палеарктики
_fА.С.Скориков
210 _a[Пб.]
_cТип. им. Гуттенберга
_d[1922]
215 _a160, [13] с.
_cил., карт., табл.
_d23 см
225 _aИзв. Сев. обл. ст. защиты растений от вредителей
_fПод ред. зав. Ст. Н.Н.Богданова-Катькова
300 _aАвт. и загл. на рус. и фр. яз.
300 _aСер. указана на общ. тит. л.
620 _dСанкт-Петербург
700 1 _aСкориков
_bА.С.
_f1871-
_gАлександр Степанович
702 1 _aБогданов-Катьков
_bН.Н.
_f1894-1955
_gНиколай Николаевич
801 0 _aRU
_bNLR
_c20111021
852 _aNLR
_jП-13/145
899 _aРГБ
942 _cBOOK
980 _aNB
980 _aA1SV